sad beautiful tragic taylor swift lyrics - Statistics

General Stats
  • This quiz has been taken 354 times
  • The average score is 143 of 184
Answer Stats
Answer % Correct
a
99%
be
99%
beautiful
97%
tragic
97%
i
96%
love
96%
sad
96%
the
95%
we
95%
you
95%
affair
93%
had
91%
me
90%
it
89%
to
89%
what
88%
magic
85%
in
83%
its
83%
and
82%
your
82%
of
76%
they
75%
try
73%
tracks
72%
fix
71%
listen
71%
long
71%
there
71%
distance
69%
just
69%
kiss
69%
note
69%
pocket
69%
handwritten
68%
how
68%
off
68%
when
68%
deep
67%
timing
67%
too
67%
train
67%
for
66%
breakdown
65%
fighting
65%
is
65%
us
65%
all
64%
could
63%
little
63%
runs
63%
will
63%
you're
63%
like
62%
mean
62%
silence
62%
can't
61%
late
61%
time
61%
wait
61%
words
61%
girls
59%
good
59%
life
59%
up
59%
by
58%
look
58%
get
57%
got
57%
back
56%
locket
56%
conversation
55%
darling
55%
demons
55%
face
55%
cities
54%
different
54%
hang
54%
sweet
54%
they'll
54%
hopeful
53%
meet
53%
dreams
52%
erasing
51%
right
51%
stood
51%
taking
51%
you've
51%
beds
50%
both
50%
give
50%
lonely
49%
wake
48%
warm
47%
cause
45%
this
24%
No matching quizzes found
Score Distribution
Percent of People with Each Score
Percentile by Number Answered
Your Score History
You have not taken this quiz